00827nam a2200217 a 450000100100000000500170001000800410002702000150006804000250008324500980010826000590020630000280026550000310029350000250032450000260034950000260037570100260040171000550042795201100048299900170059200004049820201002034154.0130826s1993 mx 000 0 spa d a9685825793 aDO-SdBNPbspacBNPHU03aEl Renacimiento :bperiódico literario (México, 1869) /cpresentación de Huberto Batis. aMéxico :bUniversidad Autónoma de México,c1993. a2 v. :b: il. ;c30 cm. aSegunda reimpresión 1993 aTexto a dos columnas aEdición facsimilar. a2 tomos en 1 volumen. aBatis, Huberto, 1934-2 aUniversidad Nacional Autónoma de México942447 001050718MOaGRbGRcCTd2013-08-26iLF1l0ov. 1-2p40498-10r2020-06-25w2020-06-25y1ZNo se presta c39988d39988